Statystyki dla Państwa, które kończą się na „-Stan”

Kliknij tutaj aby rozwiązać quiz!

Ogólne statystyki

  • Ten quiz został rozwiązany 21 487 razy
  • Średni wynik to 6 z 7

Statystyki odpowiedzi

Kraj% Poprawnych
Uzbekistan
83%
Pakistan
83%
Tadżykistan
82%
Turkmenistan
81%
Kazachstan
80%
Afganistan
78%
Kirgistan
75%

Rozkład punktacji

Percentyl według liczby udzielonych odpowiedzi

Procent ludzi z każdym wynikiem

Twoja historia wyników

Nie rozwiązałeś tego quizu